000 00574nam a2200169 i 4500
001 74476
003 ES-MaACL
005 20230906172139.0
007 t|
008 040920s1979 sp ||||1| spa d
100 1 _aGonzález Ortiz, José.
_958850
245 1 0 _aNociones de prehistoria de Puertollano y sus alrededores /
_cJosé González Ortiz.
260 _aPuertollano :
_bAyuntamiento de Puertollano,
_c1979.
300 _a23 h., 4 lám. :
_bil. ;
_c28 cm.
651 4 _aPuertollano-
_xHistoria-
_yÉpoca prehistórica.
_9164642
852 _aES-MaACL
_j2106-F-25
_bR.98920
999 _c74476
_d74476